Communicating for productivity
Uloženo v:
| Hlavní autor: | |
|---|---|
| Médium: | Kniha |
| Jazyk: | Undetermined |
| Vydáno: |
New York
Harper and Row
1982
|
| Témata: | |
| Tagy: |
Přidat tag
Žádné tagy, Buďte první, kdo otaguje tento záznam!
|
| Thư viện lưu trữ: | Trung tâm Học liệu Trường Đại học Cần Thơ |
|---|
| LEADER | 00478nam a2200181Ia 4500 | ||
|---|---|---|---|
| 001 | CTU_86159 | ||
| 008 | 210402s9999 xx 000 0 und d | ||
| 082 | |a 658.4 | ||
| 082 | |b A654 | ||
| 100 | |a D'Aprix, Roger | ||
| 245 | 0 | |a Communicating for productivity | |
| 245 | 0 | |c Roger D'Aprix | |
| 260 | |a New York | ||
| 260 | |b Harper and Row | ||
| 260 | |c 1982 | ||
| 650 | |a Communication in management | ||
| 904 | |i Năm | ||
| 980 | |a Trung tâm Học liệu Trường Đại học Cần Thơ | ||